| 000 | 00412nam a2200157Ia 4500 | ||
|---|---|---|---|
| 008 | 231217s9999 xx 000 0 und d | ||
| 041 | _aEnglish | ||
| 082 | _a373 PAD;1 R | ||
| 100 | _aPadmaprasad, S P. | ||
| 245 | 0 | _aSecondary education in India : for B.Ed course | |
| 250 | _a1st ed. | ||
| 260 |
_c2005 _bSumukha _aBangalore |
||
| 300 | _a146 | ||
| 650 | _aSecondary,education,India,B.Ed | ||
| 942 | _cAA | ||
| 999 |
_c195037 _d195037 |
||